<?xml version="1.0" encoding="UTF-8"?>
<record
    xmlns:xsi="http://www.w3.org/2001/XMLSchema-instance"
    xsi:schemaLocation="http://www.loc.gov/MARC21/slim http://www.loc.gov/standards/marcxml/schema/MARC21slim.xsd"
    xmlns="http://www.loc.gov/MARC21/slim">

  <leader>00928nam a2200289 a 4500</leader>
  <datafield tag="999" ind1=" " ind2=" ">
    <subfield code="c">23969</subfield>
    <subfield code="d">23969</subfield>
  </datafield>
  <controlfield tag="001">vtls008179009</controlfield>
  <controlfield tag="005">20251024080629.0</controlfield>
  <controlfield tag="008">050411s2000    xr a          001 0 cze c</controlfield>
  <datafield tag="020" ind1=" " ind2=" ">
    <subfield code="a">807178415X</subfield>
  </datafield>
  <datafield tag="035" ind1=" " ind2=" ">
    <subfield code="a">SPKKN15417</subfield>
  </datafield>
  <datafield tag="040" ind1=" " ind2=" ">
    <subfield code="a">SPKKN</subfield>
    <subfield code="b">slo</subfield>
    <subfield code="c">SNK</subfield>
    <subfield code="d">SPK</subfield>
    <subfield code="e">AACR2</subfield>
  </datafield>
  <datafield tag="041" ind1=" " ind2=" ">
    <subfield code="a">cze</subfield>
  </datafield>
  <datafield tag="044" ind1=" " ind2=" ">
    <subfield code="a">CZ</subfield>
  </datafield>
  <datafield tag="080" ind1=" " ind2=" ">
    <subfield code="a">316.6</subfield>
  </datafield>
  <datafield tag="100" ind1="1" ind2=" ">
    <subfield code="a">Hayes, Nicky</subfield>
    <subfield code="9">5077</subfield>
  </datafield>
  <datafield tag="245" ind1="1" ind2="0">
    <subfield code="a">Z&#xE1;klady soci&#xE1;ln&#xED; psychologie</subfield>
    <subfield code="c">Nicky Hayesov&#xE1; ; p&#x159;elo&#x17E;ila Irena &#x160;t&#x11B;pan&#xED;kov&#xE1;</subfield>
  </datafield>
  <datafield tag="250" ind1=" " ind2=" ">
    <subfield code="a">2. vyd.</subfield>
  </datafield>
  <datafield tag="260" ind1=" " ind2=" ">
    <subfield code="a">Praha</subfield>
    <subfield code="b">Port&#xE1;l</subfield>
    <subfield code="c">2000</subfield>
  </datafield>
  <datafield tag="300" ind1=" " ind2=" ">
    <subfield code="a">165 s.</subfield>
    <subfield code="b">ilustr.</subfield>
  </datafield>
  <datafield tag="500" ind1=" " ind2=" ">
    <subfield code="a">Bibliogr. s. 150-159., slovn&#xED;&#x10D;ek, reg.</subfield>
  </datafield>
  <datafield tag="650" ind1="0" ind2="7">
    <subfield code="a">soci&#xE1;lna psychol&#xF3;gia</subfield>
    <subfield code="2">snk</subfield>
    <subfield code="9">5078</subfield>
  </datafield>
  <datafield tag="650" ind1="0" ind2="7">
    <subfield code="a">interperson&#xE1;lne vz&#x165;ahy</subfield>
    <subfield code="2">snk</subfield>
    <subfield code="9">1969</subfield>
  </datafield>
  <datafield tag="650" ind1="0" ind2="7">
    <subfield code="a">soci&#xE1;lna komunik&#xE1;cia</subfield>
    <subfield code="2">snk</subfield>
    <subfield code="9">5079</subfield>
  </datafield>
  <datafield tag="655" ind1=" " ind2="7">
    <subfield code="a">odborn&#xE9; publik&#xE1;cie</subfield>
    <subfield code="2">snk</subfield>
    <subfield code="9">5080</subfield>
  </datafield>
  <datafield tag="700" ind1="1" ind2=" ">
    <subfield code="a">&#x160;t&#x11B;pan&#xED;kov&#xE1;, Irena</subfield>
    <subfield code="4">trl</subfield>
    <subfield code="9">5081</subfield>
  </datafield>
  <datafield tag="850" ind1=" " ind2=" ">
    <subfield code="b">KIS3GMM</subfield>
  </datafield>
  <datafield tag="952" ind1=" " ind2=" ">
    <subfield code="0">0</subfield>
    <subfield code="1">0</subfield>
    <subfield code="2">udc</subfield>
    <subfield code="4">0</subfield>
    <subfield code="7">0</subfield>
    <subfield code="8">D</subfield>
    <subfield code="a">10000</subfield>
    <subfield code="b">10000</subfield>
    <subfield code="d">2025-10-24</subfield>
    <subfield code="i">22325</subfield>
    <subfield code="o">S1597</subfield>
    <subfield code="p">S1597</subfield>
    <subfield code="r">2025-10-24</subfield>
    <subfield code="w">2025-10-24</subfield>
    <subfield code="y">OLDO</subfield>
  </datafield>
</record>
